<?xml version="1.0" encoding="UTF-8"?><?xml-stylesheet type="text/xsl" href="static/style.xsl"?><OAI-PMH xmlns="http://www.openarchives.org/OAI/2.0/" xmlns:xsi="http://www.w3.org/2001/XMLSchema-instance" xsi:schemaLocation="http://www.openarchives.org/OAI/2.0/ http://www.openarchives.org/OAI/2.0/OAI-PMH.xsd"><responseDate>2026-04-13T18:09:56Z</responseDate><request verb="GetRecord" identifier="oai:www.recercat.cat:2072/388975" metadataPrefix="marc">https://recercat.cat/oai/request</request><GetRecord><record><header><identifier>oai:recercat.cat:2072/388975</identifier><datestamp>2026-04-06T22:27:26Z</datestamp><setSpec>com_2072_98</setSpec><setSpec>col_2072_378192</setSpec></header><metadata><record xmlns="http://www.loc.gov/MARC21/slim" xmlns:dcterms="http://purl.org/dc/terms/" xmlns:xsi="http://www.w3.org/2001/XMLSchema-instance" xmlns:doc="http://www.lyncode.com/xoai" xsi:schemaLocation="http://www.loc.gov/MARC21/slim http://www.loc.gov/standards/marcxml/schema/MARC21slim.xsd">
   <leader>00925njm 22002777a 4500</leader>
   <datafield ind2=" " ind1=" " tag="042">
      <subfield code="a">dc</subfield>
   </datafield>
   <datafield ind2=" " ind1=" " tag="720">
      <subfield code="a">Santcovsky, Pablo</subfield>
      <subfield code="e">author</subfield>
   </datafield>
   <datafield ind2=" " ind1=" " tag="720">
      <subfield code="a">Polinelli, Nicola</subfield>
      <subfield code="e">author</subfield>
   </datafield>
   <datafield ind2=" " ind1=" " tag="720">
      <subfield code="a">Sabater Casals, Marta</subfield>
      <subfield code="e">author</subfield>
   </datafield>
   <datafield ind2=" " ind1=" " tag="260">
      <subfield code="c">2008</subfield>
   </datafield>
   <datafield ind2=" " ind1=" " tag="520">
      <subfield code="a">En este artículo se ofrece una descripción inicial de algunos discursos dominantes, producidos por cuatro distintos think tanks, sobre la situación política internacional en Oriente Medio y concretamente sobre el conflicto Israel-Palestina durante el 2006. Se han tomado dos ejemplos de think tanks anglosajones y dos ejemplos de think tanks españoles con perfiles ideológicos distintos, con la intención de profundizar haciendo una cierta comparativa. La investigación concluye que los contenidos analizados tienen un intenso carácter coyuntural lo cual los sitúa en el plano de la especulación política, más que de la investigación científica.</subfield>
   </datafield>
   <datafield ind2=" " ind1=" " tag="520">
      <subfield code="a">In this article there offers an initial description of some dominant discourses, produced by four different think tanks, on the political international situation in Middle East and concretely on the conflict Israel-Palestine during 2006. There have been taken two examples of think tanks Anglo-Saxons and two examples of Spanish think tanks with different ideological profiles, with the intention of penetrating making a certain comparative. The research concludes that the analyzed contents have an intense relating to the moment they were produced which places them in the plane of the political speculation, more than of the scientific investigation.</subfield>
   </datafield>
   <datafield tag="653" ind2=" " ind1=" ">
      <subfield code="a">Think tank</subfield>
   </datafield>
   <datafield tag="653" ind2=" " ind1=" ">
      <subfield code="a">Anàlisi del discurs</subfield>
   </datafield>
   <datafield tag="653" ind2=" " ind1=" ">
      <subfield code="a">Orient pròxim</subfield>
   </datafield>
   <datafield tag="653" ind2=" " ind1=" ">
      <subfield code="a">Análisis del discurso</subfield>
   </datafield>
   <datafield tag="653" ind2=" " ind1=" ">
      <subfield code="a">Oriente medio</subfield>
   </datafield>
   <datafield tag="653" ind2=" " ind1=" ">
      <subfield code="a">Conflicto Israel-Palestina</subfield>
   </datafield>
   <datafield tag="653" ind2=" " ind1=" ">
      <subfield code="a">Discourse analysis</subfield>
   </datafield>
   <datafield tag="653" ind2=" " ind1=" ">
      <subfield code="a">Middle-east</subfield>
   </datafield>
   <datafield tag="653" ind2=" " ind1=" ">
      <subfield code="a">Israel-Palestine conflict</subfield>
   </datafield>
   <datafield ind2="0" ind1="0" tag="245">
      <subfield code="a">Líneas de pensamiento dominante sobre la situación política en Oriente Medio. Una aproximación a cómo cuatro think tanks construyen su discurso</subfield>
   </datafield>
</record></metadata></record></GetRecord></OAI-PMH>